000
00207 a2200097 4500
001
11362
100
_a
Braddon, R.
245
_a
Suez: Splitting of a Nation
260
_a
_b
Collins
_c
090
_c
8911
_d
8911
942
_a
NUST-CAE
_c
M
_c
35724
999
_c
246435
_d
246435